Ricky Ricotta's mighty robot : (Record no. 343803)
[ view plain ]
| 000 -LEADER | |
|---|---|
| fixed length control field | 00557nam a2200229Ia 4500 |
| 008 - FIXED-LENGTH DATA ELEMENTS--GENERAL INFORMATION | |
| fixed length control field | 170918s9999 xx 000 0 und d |
| 020 ## - INTERNATIONAL STANDARD BOOK NUMBER | |
| International Standard Book Number | 590307207 |
| 050 ## - LIBRARY OF CONGRESS CALL NUMBER | |
| Item number | P639ri 2000 |
| 100 ## - MAIN ENTRY--PERSONAL NAME | |
| Personal name | Pilkey, Dav |
| 245 ## - TITLE STATEMENT | |
| Title | Ricky Ricotta's mighty robot : |
| 245 ## - TITLE STATEMENT | |
| Remainder of title | the first adventure novel / |
| 245 ## - TITLE STATEMENT | |
| Statement of responsibility, etc | by Dav Pilkey. |
| 260 ## - PUBLICATION, DISTRIBUTION, ETC. (IMPRINT) | |
| Place of publication, distribution, etc | New York : |
| 260 ## - PUBLICATION, DISTRIBUTION, ETC. (IMPRINT) | |
| Name of publisher, distributor, etc | Scholastic, |
| 260 ## - PUBLICATION, DISTRIBUTION, ETC. (IMPRINT) | |
| Date of publication, distribution, etc | 2000 |
| 300 ## - PHYSICAL DESCRIPTION | |
| Extent | 111 pages : |
| 300 ## - PHYSICAL DESCRIPTION | |
| Other physical details | illustrations ; |
| 300 ## - PHYSICAL DESCRIPTION | |
| Dimensions | 19cm. |
| 300 ## - PHYSICAL DESCRIPTION | |
| Accompanying material | Ricky Ricotta's mighty robot ; |
| 440 ## - SERIES STATEMENT/ADDED ENTRY--TITLE | |
| Title | 1 |
| 500 ## - GENERAL NOTE | |
| General note | 340 |
| Withdrawn status | Lost status | Damaged status | Home library | Current library | Date acquired | Total Checkouts | Full call number | Barcode | Date last seen | Price effective from | Koha item type |
|---|---|---|---|---|---|---|---|---|---|---|---|
| Stonyhurst Southville International School (Malarayat) | Stonyhurst Southville International School (Malarayat) | 09/18/2017 | GS FIC P639ri 2000 bk 1 | SSISM2875 | 09/18/2017 | 09/18/2017 | Books |